| 000 | 00656nam a22001937a 4500 | ||
|---|---|---|---|
| 008 | 131003b xxu||||| |||| 00| 0 ger d | ||
| 020 | _a9783827414106 | ||
| 041 | 0 | _ager | |
| 080 | _a004 | ||
| 100 | 1 | _aBalzert, Helmut | |
| 245 | 1 | 0 |
_aLehrbuch Grundlagen der informatik : _c Helmut Balzert |
| 250 | _aBotimi 2. | ||
| 260 |
_aMunchen _bElsevier GmbH, Spektrum Akademischer Verlag _c2005 |
||
| 300 |
_a925 f. : _bme il. ; _c25 cm _eCD _g12 cm |
||
| 500 | _aParathenie V-XV | ||
| 650 | 0 | _aKompjuterat | |
| 650 | 0 | _2Teknologjia e informacionit | |
| 942 |
_2udc _cBK |
||
| 999 |
_c20 _d20 |
||